Derecho comercial y económico (Registro nro. 1694)
[ vista simple ]
| 000 -LEADER | |
|---|---|
| fixed length control field | 00894 a2200205 4500 |
| 001 - CONTROL NUMBER | |
| control field | 28345 |
| 005 - DATE AND TIME OF LATEST TRANSACTION | |
| control field | 20260407155555.0 |
| 008 - FIXED-LENGTH DATA ELEMENTS--GENERAL INFORMATION | |
| fixed length control field | 260407a1988 arg spa d |
| 003 - CONTROL NUMBER IDENTIFIER | |
| control field | AR-UNSa-BCEJYS |
| 040 ## - CATALOGING SOURCE | |
| Original cataloging agency | AR-UNSa-BCEJYS |
| Language of cataloging | spa |
| Transcribing agency | AR-UNSa-BCEJYS |
| 080 ## - UNIVERSAL DECIMAL CLASSIFICATION NUMBER | |
| Universal Decimal Classification number | 347.7 |
| Common auxiliary subdivision | Derecho Mercantil. Derecho Comercial |
| 020 ## - INTERNATIONAL STANDARD BOOK NUMBER | |
| International Standard Book Number | 950-508-275-4 |
| 100 1# - MAIN ENTRY--PERSONAL NAME | |
| Personal name | Etcheverry, Raúl Aníbal |
| 245 10 - TITLE STATEMENT | |
| Title | Derecho comercial y económico |
| Name of part/section of a work | Obligaciones y contratos comerciales. Parte General |
| 264 #1 - PRODUCTION, PUBLICATION, DISTRIBUTION, MANUFACTURE, AND COPYRIGHT NOTICE | |
| Place of production, publication, distribution, manufacture | Buenos Aires : |
| Name of producer, publisher, distributor, manufacturer | Astrea |
| Date of production, publication, distribution, manufacture, or copyright notice | 1988 |
| 300 ## - PHYSICAL DESCRIPTION | |
| Extent | xv, 342 p. |
| Dimensions | 23 cm. |
| 505 ## - FORMATTED CONTENTS NOTE | |
| Formatted contents note | 1. Las obligaciones y el derecho comercial - 2. Acto Jurídico. Negocio jurídico. Contratos civiles y comerciales - 3. Los negocios jurídicos mercantiles - 4. Creación de los contratos mercantiles - 5. Las formas y el contrato mercantil - 6. Dinámica contractual |
| 590 ## - LOCAL NOTE (RLIN) | |
| Local note | niveau_biblio:m niveau_hierar:0 |
| 942 ## - ADDED ENTRY ELEMENTS (KOHA) | |
| Koha item type | |
| Withdrawn status | Lost status | Damaged status | Not for loan | Home library | Current library | Shelving location | Date acquired | Total checkouts | Full call number | Barcode | Date last seen | Price effective from | Koha item type |
|---|---|---|---|---|---|---|---|---|---|---|---|---|---|
| Biblioteca Prof. Eusebio Cleto del Rey | Biblioteca Prof. Eusebio Cleto del Rey | 07/04/2026 | 347.7 E83e | L119976 | 07/04/2026 | 07/04/2026 | Libro |